| 000 | 00815 a2200181 4500 | ||
|---|---|---|---|
| 003 | Nust | ||
| 005 | 20170207153421.0 | ||
| 040 | _cNust | ||
| 082 | _a355.3 | ||
| 100 | _aGreenfield Robert | ||
| 245 | _aCommand Decisions | ||
| 260 |
_aPakistan _b Army Edu Press _c1960 |
||
| 300 | _axiv, 477 p.; | ||
| 505 | _aGerman First the Basic Concept of Allied Strategy in World War II (Page-3), The German Decision to Invade Norway (Page-39), Japan’ s Decision for war (Page-63), The Decision to Evacuate the Japanese (Page-88), The Decision to Withdraw to Bataan (Page-110), The Decision to Invade North for Aid to the U.S.S.R (Page-154), Overload Versus the Admiralties (Page-210), Halter’s Decision on the Defense (Page-224), | ||
| 538 | _aAlmirah No.53 Shelf No.6 | ||
| 600 | _aRobert Greenfield | ||
| 650 | _aCommand | ||
| 942 |
_2ddc _cBK |
||
| 999 |
_c185727 _d185727 |
||